All Elvis Costello Songs - Statistics

General Stats
  • This quiz has been taken 478 times
    401 since last reset
  • The average score is 84 of 491
Answer Stats
Album Song % Correct
My Aim Is True Alison
97%
Armed Forces Oliver's Army
95%
Spike Veronica
79%
Armed Forces Accidents Will Happen
77%
Imperial Bedroom | Piano Jazz: McPartland/Costello Almost Blue
77%
This Year's Model Radio Radio
74%
My Aim Is True Watching the Detectives
74%
Get Happy!! New Amsterdam
69%
This Year's Model Pump It Up
69%
My Aim Is True (The Angels Wanna Wear My) Red Shoes
69%
Almost Blue A Good Year for the Roses
67%
Armed Forces Green Shirt
67%
Punch the Clock Shipbuilding
67%
This Year's Model This Year's Girl
67%
Punch the Clock Everyday I Write the Book
64%
This Year's Model (I Don't Want to Go to) Chelsea
62%
Imperial Bedroom Man Out of Time
62%
Imperial Bedroom Beyond Belief
59%
Get Happy!! I Can't Stand Up for Falling Down
59%
Notting Hill Soundtrack She
59%
Armed Forces Two Little Hitlers
56%
Trust Clubland
54%
My Aim Is True Mystery Dance
54%
All This Useless Beauty All This Useless Beauty
51%
Trust New Lace Sleeves
51%
My Aim Is True Waiting for the End of the World
51%
My Aim Is True Welcome to the Working Week
51%
My Aim Is True Blame It on Cain
49%
My Aim Is True Less Than Zero
49%
Punch the Clock Pills and Soap
49%
Blood & Chocolate I Want You
46%
This Year's Model No Action
46%
Armed Forces Party Girl
46%
Imperial Bedroom You Little Fool
46%
Get Happy!! King Horse
44%
This Year's Model Lipstick Vogue
44%
Get Happy!! Love for Tender
44%
This Year's Model The Beat
44%
Blood & Chocolate Tokyo Storm Warning
44%
Blood & Chocolate Uncomplicated
44%
King of America Brilliant Mistake
41%
Armed Forces Goon Squad
41%
Get Happy!! Motel Matches
41%
Get Happy!! Opportunity
41%
Blood & Chocolate Blue Chair
38%
Armed Forces Chemistry Class
38%
Blood & Chocolate Crimes of Paris
38%
King of America Indoor Fireworks
38%
Punch the Clock Let Them All Talk
38%
This Year's Model Lip Service
38%
Trust Luxembourg
38%
Armed Forces Moods for Moderns
38%
Get Happy!! Riot Act
38%
Trust Strict Time
38%
Armed Forces Sunday's Best
38%
Imperial Bedroom Tears Before Bedtime
38%
Mighty Like a Rose The Other Side of Summer
38%
Spike Tramp the Dirt Down
36%
This Year's Model You Belong to Me
36%
Get Happy!! Clowntime Is Over
33%
King of America Don't Let Me Be Misunderstood
33%
Trust From a Whisper to a Scream
33%
Get Happy!! High Fidelity
33%
National Ransom I Hope
33%
Blood & Chocolate I Hope You're Happy Now
33%
My Aim Is True No Dancing
33%
Blood & Chocolate Poor Napoleon
33%
Armed Forces Senior Service
33%
Imperial Bedroom Shabby Doll
33%
King of America Suit of Lights
33%
Get Happy!! Temptation
33%
Get Happy!! The Imposter
33%
Imperial Bedroom The Loved Ones
33%
The River in Reverse The River in Reverse
33%
Get Happy!! 5ive Gears in Reverse
31%
Get Happy!! Black & White World
31%
Get Happy!! B Movie
31%
Armed Forces Busy Bodies
31%
King of America Eisenhower Blues
31%
Trust Fish 'n' Chip Paper
31%
Out of Our Idiot Imperial Bedroom
31%
Get Happy!! Man Called Uncle
31%
Blood & Chocolate Next Time Round
31%
Goodbye Cruel World Peace in Our Time
31%
Imperial Bedroom Pidgin English
31%
Get Happy!! Possession
31%
My Aim Is True Sneaky Feelings
31%
Goodbye Cruel World The Only Flame in Town
31%
King of America American Without Tears
28%
Imperial Bedroom ...And in Every Home
28%
Blood & Chocolate Battered Old Bird
28%
Out of Our Idiot Big Sister
28%
Get Happy!! I Stand Accused
28%
Goodbye Cruel World I Wanna Be Loved
28%
King of America Jack of All Parades
28%
Goodbye Cruel World Joe Porterhouse
28%
Spike Let Him Dangle
28%
This Year's Model Living in Paradise
28%
This Year's Model Night Rally
28%
Get Happy!! Secondary Modern
28%
Out of Our Idiot Seven Day Weekend
28%
All This Useless Beauty The Other End of the Telescope
28%
Trust Watch Your Step
28%
The Juliet Letters Why?
28%
Brutal Youth 13 Steps Lead Down
26%
Spike Baby Plays Around
26%
Get Happy!! Beaten to the Punch
26%
Armed Forces Big Boys
26%
Trust Big Sister's Clothes
26%
Trust Different Finger
26%
Blood & Chocolate Honey, Are You Straight or Are You Blind?
26%
Get Happy!! Human Touch
26%
This Year's Model Little Triggers
26%
My Aim Is True Miracle Man
26%
Spike Pads, Paws and Claws
26%
Party Party Soundtrack Party Party
26%
Mighty Like a Rose So Like Candy
26%
The Delivery Man The Delivery Man
26%
Spike ...This Town...
26%
Almost Blue Tonight the Bottle Let Me Down
26%
Wise Up Ghost Wise Up Ghost
26%
When I Was Cruel 45
23%
Spike Chewing Gum
23%
King of America Glitter Gulch
23%
This Year's Model Hand in Hand
23%
Blood & Chocolate Home Is Anywhere You Hang Your Head
23%
Mighty Like a Rose Hurry Down Doomsday (The Bugs Are Taking Over)
23%
My Aim Is True I'm Not Angry
23%
Almost Blue I'm Your Toy
23%
Brutal Youth London's Brilliant Parade
23%
National Ransom National Ransom
23%
Painted from Memory Painted from Memory
23%
My Aim Is True Pay It Back
23%
Il Sogno Sleep
23%
Goodbye Cruel World Sour Milk-Cow Blues
23%
Almost Blue Sweet Dreams
23%
Punch the Clock The Element Within Her
23%
Punch the Clock The Greatest Thing
23%
Imperial Bedroom The Long Honeymoon
23%
Imperial Bedroom Town Cryer
23%
Almost Blue Brown to Blue
21%
Punch the Clock Charm School
21%
Spike Deep Dark Truthful Mirror
21%
Out of Our Idiot | Single From Head to Toe
21%
Painted from Memory God Give Me Strength
21%
Spike God's Comic
21%
Mighty Like a Rose How to Be Dumb
21%
Imperial Bedroom Human Hands
21%
King of America I'll Wear It Proudly
21%
The Juliet Letters I Thought I'd Write to Juliet
21%
Imperial Bedroom Kid About It
21%
Imperial Bedroom Little Savage
21%
Trust Lover's Walk
21%
Punch the Clock Love Went Mad
21%
Spike Satellite
21%
Trust Shot with His Own Gun
21%
King of America Sleep of The Just
21%
Spike Stalin Malone
21%
Brutal Youth Sulky Girl
21%
Out of Our Idiot The People's Limousine
21%
Brutal Youth This Is Hell
21%
Painted from Memory Toledo
21%
Brutal Youth 20% Amnesia
18%
Spike Any King's Shilling
18%
Brutal Youth Clown Strike
18%
Spike Coal-Train Robberies
18%
Mighty Like a Rose Couldn't Call It Unexpected No. 4
18%
Mighty Like a Rose Harpies Bizarre
18%
Kojak Variety I Threw It All Away
18%
Brutal Youth Kinder Murder
18%
All This Useless Beauty Little Atoms
18%
King of America Lovable
18%
Goodbye Cruel World Love Field
18%
Spike Miss Macbeth
18%
Brutal Youth Pony St.
18%
Punch the Clock The Invisible Man
18%
Punch the Clock The World and His Wife
18%
Punch the Clock T.K.O. (Boxing Day)
18%
Out of Our Idiot Walking on Thin Ice
18%
Almost Blue Why Don't You Love Me (Like You Used to Do)?
18%
Trust You'll Never Be a Man
18%
Brutal Youth You Tripped at Every Step
18%
Mighty Like a Rose All Grown Up
15%
Momofuku American Gangster Time
15%
Kojak Variety Days
15%
The Juliet Letters Jacksons, Monk and Rowe
15%
Punch the Clock King of Thieves
15%
Spike Last Boat Leaving
15%
King of America Little Palaces
15%
Punch the Clock Mouth Almighty
15%
Piano Jazz: McPartland/Costello My Funny Valentine
15%
King of America Poisoned Rose
15%
Brutal Youth Rocking Horse Road
15%
North Still
15%
Kojak Variety Strange
15%
Almost Blue Success
15%
Mighty Like a Rose Sweet Pear
15%
Goodbye Cruel World The Comedians
15%
Out of Our Idiot Turning the Town Red
15%
Wise Up Ghost Walk Us Uptown
15%
Trust White Knuckles
15%
Out of Our Idiot Withered and Died
15%
All This Useless Beauty You Bowed Down
15%
Out of Our Idiot American Without Tears No. 2
13%
Out of Our Idiot A Town Called Big Nothing
13%
Out of Our Idiot Baby's Got a Brand New Hairdo
13%
Imperial Bedroom Boy with a Problem
13%
Mighty Like a Rose Broken
13%
All This Useless Beauty Complicated Shadows
13%
The Juliet Letters Deliver Us
13%
Look Now Don't Look Now
13%
Momofuku Drum & Bone
13%
Momofuku Harry Worth
13%
Almost Blue Honey Hush
13%
Mighty Like a Rose Interlude: Couldn't Call It Unexpected No. 2
13%
Painted from Memory I Still Have That Other Girl
13%
National Ransom Jimmie Standing in the Rain
13%
Brutal Youth Just About Glad
13%
Momofuku Mr. Feathers
13%
Momofuku No Hiding Place
13%
King of America Our Little Angel
13%
All This Useless Beauty Poor Fractured Atlas
13%
Goodbye Cruel World Room with No Number
13%
All This Useless Beauty Shallow Grave
13%
Out of Our Idiot Shoes Without Heels
13%
Almost Blue Sittin' and Thinkin'
13%
Out of Our Idiot So Young
13%
Momofuku Stella Hurt
13%
Brutal Youth Still Too Soon to Know
13%
Wise Up Ghost Sugar Won't Work
13%
When I Was Cruel Tear Off Your Own Head (It's a Doll Revolution)
13%
King of America The Big Light
13%
Goodbye Cruel World The Deportees Club
13%
Painted from Memory The Sweetest Punch
13%
Painted from Memory This House Is Empty Now
13%
Momofuku Turpentine
13%
Look Now Under Lime
13%
All This Useless Beauty Why Can't a Man Stand Alone?
13%
Mighty Like a Rose After the Fall
10%
National Ransom A Slow Drag with Josephine
10%
Out of Our Idiot Baby It's You
10%
Almost Blue Color of the Blues
10%
Wise Up Ghost Come the Meantimes
10%
When I Was Cruel ...Dust
10%
Mighty Like a Rose Georgie and Her Rival
10%
North | Piano Jazz: McPartland/Costello I'm in the Mood Again
10%
Goodbye Cruel World Inch By Inch
10%
Painted from Memory In the Darkest Place
10%
Mighty Like a Rose Invasion Hit Parade
10%
All This Useless Beauty It's Time
10%
All This Useless Beauty I Want to Vanish
10%
Brutal Youth My Science Fiction Twin
10%
Kojak Variety Pouring Water on a Drowning Man
10%
Trust Pretty Words
10%
Secret, Profane & Sugarcane Red Cotton
10%
The Juliet Letters Romeo's Seance
10%
Painted from Memory Such Unlikely Lovers
10%
When I Was Cruel Tart
10%
The Juliet Letters The First to Leave
10%
Out of Our Idiot The Stamping Ground
10%
Kojak Variety | Piano Jazz: McPartland/Costello The Very Thought of You
10%
The Juliet Letters This Offer Is Unrepeatable
10%
The Juliet Letters This Sad Burlesque
10%
Almost Blue Too Far Gone
10%
Wise Up Ghost Viceroy's Row
10%
Painted from Memory What's Her Name Today?
10%
North When Green Eyes Turn Blue
10%
When I Was Cruel When I Was Cruel No. 2
10%
Goodbye Cruel World Worthless Thing
10%
Brutal Youth All the Rage
8%
Kojak Variety Bama Lama Bama Loo
8%
Out of Our Idiot Black Sails in the Sunset
8%
Wise Up Ghost Can You Hear Me?
8%
Wise Up Ghost Cinco Minutos Con Vos
8%
The Delivery Man Country Darkness
8%
The Juliet Letters Dead Letter
8%
The Juliet Letters Dear Sweet Filthy World
8%
National Ransom Dr. Watson, I Presume
8%
When I Was Cruel Dust 2...
8%
When I Was Cruel Episode of Blonde
8%
Brutal Youth Favourite Hour
8%
National Ransom Five Small Words
8%
Momofuku Go Away
8%
Out of Our Idiot Heathen Town
8%
Goodbye Cruel World Home Truth
8%
Almost Blue How Much I've Lied
8%
The Juliet Letters I Almost Had a Weakness
8%
The Juliet Letters Last Post
8%
Kojak Variety Leave My Kitten Alone
8%
Out of Our Idiot Little Goody Two Shoes
8%
The Delivery Man Monkey to Man
8%
Look Now Mr. and Mrs. Hush
8%
Wise Up Ghost My New Haunt
8%
Painted from Memory My Thief
8%
Momofuku My Three Sons
8%
The Delivery Man Nothing Clings Like Ivy
8%
Momofuku Pardon Me, Madam, My Name Is Eve
8%
Mighty Like a Rose Playboy to a Man
8%
When I Was Cruel Spooky Girlfriend
8%
Secret, Profane & Sugarcane Sulphur to Sugarcane
8%
The Juliet Letters Swine
8%
The Juliet Letters Taking My Life in Your Hands
8%
The Juliet Letters The Birds Will Still Be Singing
8%
Goodbye Cruel World The Great Unknown
8%
The Juliet Letters The Letter Home
8%
Il Sogno The Play
8%
Wise Up Ghost The Puppet Has Cut His Strings
8%
The Delivery Man There's a Story in Your Voice
8%
Wise Up Ghost Tripwire
8%
When I Was Cruel 15 Petals
5%
When I Was Cruel Alibi
5%
The River in Reverse All These Things
5%
Single #3 American Tune
5%
G.B.H. Another Time, Another Place
5%
Piano Jazz: McPartland/Costello At Last
5%
National Ransom A Voice in the Dark
5%
G.B.H. Barbara Douglas: Assassin
5%
Il Sogno Bottom Awakes
5%
The River in Reverse Broken Promise Land
5%
G.B.H. Bubbles
5%
National Ransom Bullets for the New-Born King
5%
National Ransom Church Underground
5%
G.B.H. Closing Titles
5%
When I Was Cruel Daddy Can I Turn This?
5%
The Juliet Letters Damnation's Cellar
5%
Jake's Progress Death of Alex/Closing Titles
5%
When I Was Cruel Dissolve
5%
All This Useless Beauty Distorted Angel
5%
Secret, Profane & Sugarcane Down Among the Wines and Spirits
5%
The Juliet Letters Expert Rites
5%
Momofuku Flutter & Wow
5%
The Juliet Letters For Other Eyes
5%
The River in Reverse Freedom for the Stallion
5%
G.B.H. G.B.H. Opening Titles: The Life and Times of Michael Murray
5%
Out of Our Idiot Get Yourself Another Fool
5%
Piano Jazz: McPartland/Costello Gloomy Sunday
5%
G.B.H. Going Home Service
5%
G.B.H. Grave Music
5%
Il Sogno Hermia and Lysander
5%
Look Now He's Given Me Things
5%
G.B.H. He's So Easy
5%
Kojak Variety Hidden Charms
5%
Secret, Profane & Sugarcane Hidden Shame
5%
Look Now I Let the Sun Go Down
5%
G.B.H. In a Cemetery Garden
5%
The River in Reverse International Echo
5%
Look Now Isabelle in Tears
5%
G.B.H. It's Cold Up There
5%
G.B.H. It Wasn't Me
5%
Kojak Variety I've Been Wrong Before
5%
G.B.H. Lambs to the Slaughter
5%
G.B.H. Love from a Cold Land
5%
G.B.H. Men of Alloy
5%
Kojak Variety Must You Throw Dirt in My Face?
5%
Secret, Profane & Sugarcane My All Time Doll
5%
When I Was Cruel My Little Blue Window
5%
The River in Reverse Nearer to You
5%
The Delivery Man Needle Time
5%
Il Sogno Oberon and Titania
5%
National Ransom One Bell Ringing
5%
The River in Reverse On Your Way Down
5%
Il Sogno Overture
5%
Kojak Variety Payday
5%
G.B.H. Perfume - The Odour of Money
5%
Look Now Photographs Can Lie
5%
Kojak Variety Please Stay
5%
Il Sogno Prelude
5%
Il Sogno Puck 1
5%
Il Sogno Puck 2
5%
G.B.H. Pursuit Suite
5%
When I Was Cruel Radio Silence
5%
Kojak Variety Remove This Doubt
5%
Kojak Variety Running Out of Fools
5%
The River in Reverse Six-Fingered Man
5%
Il Sogno Slumber
5%
G.B.H. Smack 'Im
5%
G.B.H. So I Used Five!
5%
Single #4 Someone Else's Heart
5%
Momofuku Song with Rose
5%
All This Useless Beauty Starting to Come to Me
5%
National Ransom Stations of the Cross
5%
Look Now Stripping Paper
5%
Painted from Memory Tears at the Birthday Party
5%
The River in Reverse Tears, Tears and More Tears
5%
Il Sogno The Conspiracy of Oberon and Puck
5%
Il Sogno The Court
5%
Il Sogno The Face of Bottom
5%
Look Now The Final Mrs. Curtain
5%
Out of Our Idiot The Flirting Kind
5%
G.B.H. The 'Goldilocks' Theme
5%
The River in Reverse The Greatest Love
5%
Painted from Memory The Long Division
5%
G.B.H. The Puppet Masters' Work
5%
G.B.H. The Roaring Boy
5%
The Delivery Man The Scarlet Tide
5%
The River in Reverse The Sharpest Thorn
5%
National Ransom The Spell That You Cast
5%
Il Sogno The Wedding
5%
Look Now Unwanted Number
5%
The River in Reverse Where Is the Love
5%
The Juliet Letters Who Do You Think You Are?
5%
The River in Reverse Who's Gonna Help Brother Get Further?
5%
Look Now Why Won't Heaven Help Me?
5%
The River in Reverse Wonder Woman
5%
G.B.H. Woodlands - Oh Joy!
5%
Il Sogno Worker's Playtime
5%
North You Left Me in the Dark
5%
North You Turned to Me
5%
Look Now Adieu Paris (L'Envie De Étoiles)
3%
National Ransom All These Strangers
3%
Jake's Progress Banquo
3%
The Delivery Man Bedlam
3%
National Ransack EP Big Boys Cry
3%
Look Now Burnt Sugar Is So Better
3%
The Delivery Man Button My Lip
3%
North Can You Be True?
3%
Secret, Profane & Sugarcane Changing Partners
3%
Jake's Progress Cisco Kid
3%
National Ransack EP Condemned Man
3%
Secret, Profane & Sugarcane Dirty Rotten Shame
3%
Look Now Dishonor the Stars
3%
The Delivery Man Either Side of the Same Town
3%
Jake's Progress Eliot's Heartbreak and Flashback
3%
Kojak Variety Everybody's Crying Mercy
3%
North Fallen
3%
Jake's Progress Fall from Grace
3%
Secret, Profane & Sugarcane Femme Fatale
3%
Jake's Progress Friend in Need
3%
Jake's Progress Grave Dance
3%
Jake's Progress Graveyard Waltz
3%
The Delivery Man Heart Shaped Bruise
3%
Jake's Progress Housewarming
3%
Secret, Profane & Sugarcane How Deep Is the Red
3%
Jake's Progress Howling at the Moon
3%
National Ransack EP I Don't Want to Go Home
3%
Secret, Profane & Sugarcane I Dreamed of My Old Lover
3%
Secret, Profane & Sugarcane I Felt the Chill Before the Winter Came
3%
Wise Up Ghost If I Could Believe
3%
National Ransom I Lost You
3%
Jake's Progress Jake's Progress Opening Sequence
3%
Jake's Progress Julie's Pregnant Pause
3%
Jake's Progress Kate's Abuse
3%
Jake's Progress Leaving Home
3%
North Let Me Tell You About Her
3%
Il Sogno Lovers Arise
3%
Jake's Progress Map of Africa
3%
Jake's Progress Monica's Fortune Telling
3%
Jake's Progress Moving In
3%
Jake's Progress Mrs. Rampton Reminisces
3%
National Ransom My Lovely Jezebel
3%
Il Sogno Oberon Humbled
3%
Jake's Progress Play With Me, Mummy
3%
Wise Up Ghost Refuse to Be Saved
3%
Jake's Progress Remembering Alex
3%
Secret, Profane & Sugarcane She Handed Me a Mirror
3%
Wise Up Ghost (She Might Be a) Grenade
3%
The Delivery Man She's Pulling Out the Pin
3%
Secret, Profane & Sugarcane She Was No Good
3%
North Someone Took the Words Away
3%
When I Was Cruel Soul for Hire
3%
Wise Up Ghost Stick Out Your Tongue
3%
Look Now Suspect My Tears
3%
National Ransom That's Not the Part of Him You're Leaving
3%
Secret, Profane & Sugarcane The Crooked Line
3%
Il Sogno The Fairy and the Ass
3%
Il Sogno The Identity Parade
3%
Il Sogno The Jealousy of Helena
3%
The Delivery Man The Judgment
3%
The Delivery Man The Name of This Thing is Not Love
3%
Il Sogno The Spark of Love
3%
Il Sogno The State of Affairs
3%
Piano Jazz: McPartland/Costello They Didn't Believe Me
3%
Il Sogno Tormentress
3%
Il Sogno Twisted - Entangled - Transform and Exchange
3%
Jake's Progress Unhappy Home Service
3%
Jake's Progress Ursine Variations
3%
Wise Up Ghost Wake Me Up
3%
Secret, Profane & Sugarcane What Lewis Did Last
3%
North When Did I Stop Dreaming?
3%
North When It Sings
3%
Piano Jazz: McPartland/Costello You Don't Know What Love Is
3%
National Ransom You Hung the Moon
3%
Look Now You Shouldn't Look at Me That Way
3%
The River in Reverse Ascension Land
0%
Single #2 Bright Blue Times
0%
New Single Magnificent Hurt
0%
National Ransack EP Poor Borrowed Diss
0%
No matching quizzes found
Score Distribution
Percent of People with Each Score
Percentile by Number Answered
Your Score History
You have not taken this quiz since the last reset